| 000 | 00662cam a22002293a 4500 | ||
|---|---|---|---|
| 001 | 17346 | ||
| 003 | PGUSA | ||
| 005 | 20140828083354.0 | ||
| 008 | 051218s2005||||xxu|||||s|||||000 | eng d | ||
| 040 |
_aPGUSA _beng |
||
| 042 | _adc | ||
| 050 | 4 | _aTL | |
| 100 | 1 |
_aRuppelt, Edward J., _d1922-1960 |
|
| 245 | 1 | 4 |
_aThe Report on Unidentified Flying Objects _h[electronic resource] / _cEdward J. Ruppelt |
| 260 |
_bProject Gutenberg, _c2005 |
||
| 506 | _aPublic domain in the USA. | ||
| 516 | _aElectronic text | ||
| 653 | _aUnidentified flying objects | ||
| 830 | 0 |
_aProject Gutenberg _v17346 |
|
| 856 | 4 | 0 | _uhttp://www.gutenberg.org/ebooks/17346 |
| 942 | _cEB | ||
| 999 |
_c246601 _d246601 |
||